00748nam a2200241Ia 4500003000400000005001700004008004100021020002900062040001700091082002000108100001900128245006800147250001200215260002800227300002400255500001900279650001400298650002500312700001900337942000900356952012600365999001500491IIN20250412124856.0250412s9999 xx d 001 0 eng d cRs.395.00a9789356965140 aIINbEnglish a610.73072 bIND1 aIndrani, T.K. 1 aResearch Methodology for NursescT.K. Indrani and Alisha Talwar a2nd ed. bJaypeeaNew Delhic2025 axviii, 267 p.bill. aIncludes Index1 aResearch 1 aResearch Methodology aTalwar, Alisha cBOOK 00102ddc40708PURCHaIINbIINcGENd2025-03-11g395.00l0o610.73072 INDp1900r2025-04-12 12:49:18w2025-04-12yBOOK c1751d1751